LIBRARY & INFORMATION CENTRE, KCAET, TAVANUR

ONLINE PUBLIC ACCESS CATALOGUE (OPAC)

Analysis of erosivity indices with special reference to Kerala (Record no. 15284)

MARC details
000 -LEADER
fixed length control field 00734nam a22002057a 4500
003 - CONTROL NUMBER IDENTIFIER
control field OSt
088 ## - REPORT NUMBER
Report number P 67
100 ## - MAIN ENTRY--AUTHOR NAME
Personal name GEETHA V
245 ## - TITLE STATEMENT
Title Analysis of erosivity indices with special reference to Kerala
260 ## - PUBLICATION, DISTRIBUTION, ETC. (IMPRINT)
Place of publication Tavanur 1997
Name of publisher Department of Land and Water Resources and Conservation Engineering
300 ## - PHYSICAL DESCRIPTION
Number of Pages 76
500 ## - GENERAL NOTE
General note Analysis of erosivity indices with special reference to Kerala
520 ## - SUMMARY, ETC.
Summary, etc Analysis of erosivity indices with special reference to Kerala
700 ## - ADDED ENTRY--PERSONAL NAME
Personal name Prabhadevi P. S
700 ## - ADDED ENTRY--PERSONAL NAME
Personal name Sudheer Narayanan
700 ## - ADDED ENTRY--PERSONAL NAME
Personal name Er. Rema K. P (Guide)
856 ## - ELECTRONIC LOCATION AND ACCESS
Uniform Resource Identifier https://drive.google.com/open?id=16xRoX6dOZdMnd30cypagpelh2DDAf6VN
942 ## - ADDED ENTRY ELEMENTS (KOHA)
Koha item type Project Report
Holdings
Collection code Home library Current library Shelving location Full call number Accession Number Koha item type
Reference KAUAET KAUAET Reference 631.75807 GEE/AN P 67 Project Report
free website counter